5HLuxD.jpg

KING HENRY VIII SENIOR AND PRIMARY SCHOOL LIBRARY OPAC

Spaceboy / (Record no. 3824)

000 -LEADER
fixed length control field 01319cam a2200337 a 4500
001 - CONTROL NUMBER
control field 2513464
003 - CONTROL NUMBER IDENTIFIER
control field OSt
005 - DATE AND TIME OF LATEST TRANSACTION
control field 20241105103045.0
008 - FIXED-LENGTH DATA ELEMENTS--GENERAL INFORMATION
fixed length control field 240911s2023 enkab c 000 1 eng d
020 ## - INTERNATIONAL STANDARD BOOK NUMBER
International Standard Book Number 9780008588816
Qualifying information (pbk.) :
040 ## - CATALOGING SOURCE
Transcribing agency KH8
041 0# - LANGUAGE CODE
Language code of text/sound track or separate title eng
042 ## - AUTHENTICATION CODE
Authentication code nbic
082 04 - DEWEY DECIMAL CLASSIFICATION NUMBER
Classification number 823.92
084 ## - OTHER CLASSIFICATION NUMBER
Classification number 873.5987
090 ## - LOCALLY ASSIGNED LC-TYPE CALL NUMBER (OCLC); LOCAL CALL NUMBER (RLIN)
Classification number (OCLC) (R) ; Classification number, CALL (RLIN) (NR) 873.5987
100 1# - MAIN ENTRY--PERSONAL NAME
Personal name Walliams, David,
Dates associated with a name 1971-
Relator term author.
245 10 - TITLE STATEMENT
Title Spaceboy /
Statement of responsibility, etc. David Walliams ; illustrated by Adam Stower.
246 3# - VARYING FORM OF TITLE
Title proper/short title Space boy.
260 ## - PUBLICATION, DISTRIBUTION, ETC.
Place of publication, distribution, etc. London, England :
Name of publisher, distributor, etc. HarperCollins Children's Books,
Date of publication, distribution, etc. 2023.
300 ## - PHYSICAL DESCRIPTION
Extent 361 p. :
Other physical details ill., map ;
Dimensions 20 cm.
500 ## - GENERAL NOTE
General note Originally published: 2022.
520 ## - SUMMARY, ETC.
Summary, etc. Ruth spends every night gazing at the stars and dreaming of adventure. One night, she spots a flying saucer blazing across the sky. When it crash-lands on her aunt's farm and opens to reveal a mysterious alien, all Ruth's dreams come true. But does this visitor from another planet have a giant secret?
650 #0 - SUBJECT ADDED ENTRY--TOPICAL TERM
Topical term or geographic name entry element Orphans
Form subdivision Juvenile fiction.
650 #0 - SUBJECT ADDED ENTRY--TOPICAL TERM
Topical term or geographic name entry element Unidentified flying objects
General subdivision Sightings and encounters
Form subdivision Juvenile fiction.
650 #0 - SUBJECT ADDED ENTRY--TOPICAL TERM
Topical term or geographic name entry element Space ships
Form subdivision Juvenile fiction.
650 #0 - SUBJECT ADDED ENTRY--TOPICAL TERM
Topical term or geographic name entry element Space flight
Form subdivision Juvenile fiction.
650 #0 - SUBJECT ADDED ENTRY--TOPICAL TERM
Topical term or geographic name entry element Friendship
Form subdivision Juvenile fiction.
700 1# - ADDED ENTRY--PERSONAL NAME
Personal name Stower, Adam,
Relator term illustrator.
942 ## - ADDED ENTRY ELEMENTS (KOHA)
Source of classification or shelving scheme
Koha item type Books - Fiction
Holdings
Withdrawn status Lost status Source of classification or shelving scheme Damaged status Not for loan Collection code Permanent Location Current Location Date acquired Total Checkouts Full call number Barcode Date last seen Date last checked out Price effective from Koha item type
          Fiction KH8 Primary School Library KH8 Primary School Library 2024-11-05 2 823.92 WAL KHPL000004517 2025-12-05 2025-09-25 2024-11-05 Books - Fiction
          Fiction KH8 Primary School Library KH8 Primary School Library 2024-11-05 3 823.92 WAL KHPL000004518 2025-12-05 2025-09-08 2024-11-05 Books - Fiction

Powered By KH8 IT Dept